| 000 | 00402nam a2200169Ia 4500 | ||
|---|---|---|---|
| 008 | 200601s9999 xx 000 0 und d | ||
| 020 | _a0-06-103209-3 | ||
| 050 | _aFIC P53b | ||
| 050 | _b2002 | ||
| 100 | _aPhilips, Susan Elizabeth | ||
| 245 | 0 | _aBreathing Room / | |
| 245 | 0 | _cSusan Elizabeth Philips. | |
| 260 | _aNew York: | ||
| 260 | _bAvon Books | ||
| 260 | _c2002 | ||
| 300 | _a389pages : | ||
| 999 |
_c363439 _d363439 |
||